Statistics for Three Letter Answers #2

Click here to take the quiz!

General Stats

  • This quiz has been taken 52,931 times
    (25,985 since last reset)
  • The average score is 13 of 24

Answer Stats

HintAnswer% Correct
One of the months of the yearMay
91%
French for yesOui
91%
Ernesto Guevara's nicknameChe
82%
British spelling of the letter ZZed
80%
Korean carmakerKia
79%
Cinco menos cuatroUno
63%
Irish danceJig
61%
Fighter pilot who has shot down
five enemie planes
Ace
60%
Title of respect in the Mafia or at OxfordDon
60%
Chosen one of "The Matrix"Neo
60%
___ WiedersehenAuf
59%
Dwight Eisenhower's nicknameIke
55%
Spanish for goldOro
51%
Latin for voiceVox
49%
Creature that lives in an apiaryBee
48%
Former name of TokyoEdo
47%
His wife became a pillar of saltLot
46%
Former Russian space stationMir
41%
Make this while the sun shinesHay
40%
Author of "The Tell-Tale Heart"Poe
38%
Shriner's hatFez
37%
Vietnamese New YearTet
37%
Key ingredient in grogRum
36%
Preferred tree for making longbowsYew
31%

Score Distribution

Percentile by Number Answered

Percent of People with Each Score

Your Score History

You have not taken this quiz since the last reset